Sports Quiz

Random Sports Quiz

DFB Pokal Winners Quiz Stats

 Plays Quiz not verified by Sporcle

Challenge
Share
Tweet
Embed
Score 0/57 Timer 07:00
0 Plays Today
Season Cup Winner % Correct
1956/1957FC Bayern München
99.1%
1965/1966FC Bayern München
99.1%
1966/1967FC Bayern München
99.1%
1968/1969FC Bayern München
99.1%
1970/1971FC Bayern München
99.1%
1981/1982FC Bayern München
99.1%
1983/1984FC Bayern München
99.1%
1985/1986FC Bayern München
99.1%
1997/1998FC Bayern München
99.1%
1999/2000FC Bayern München
99.1%
2002/2003FC Bayern München
99.1%
2004/2005FC Bayern München
99.1%
2005/2006FC Bayern München
99.1%
2007/2008FC Bayern München
99.1%
1960/1961SV Werder Bremen
97.6%
1990/1991SV Werder Bremen
97.6%
1993/1994SV Werder Bremen
97.6%
1998/1999SV Werder Bremen
97.6%
2003/2004SV Werder Bremen
97.6%
2008/2009Werder Bremen
97.6%
1992/1993Bayer 04 Leverkusen
97.4%
1964/1965Borussia Dortmund
96.9%
1988/1989Borussia Dortmund
96.9%
2000/2001FC Schalke 04
96.9%
2001/2002FC Schalke 04
96.9%
1971/1972FC Schalke 04
94.3%
1953/1954VfB Stuttgart
93.8%
1957/1958VfB Stuttgart
93.8%
1996/1997VFB Stuttgart
93.8%
Season Cup Winner % Correct
1962/1963Hamburger SV
93.2%
1975/1976Hamburger SV
93.2%
1986/1987Hamburger SV
93.2%
1989/19901. FC Kaiserslautern
89.4%
1995/19961. FC Kaiserslautern
89.4%
1954/1955Karlsruher SC
88.7%
1955/1956Karlsruher SC
88.7%
1973/1974Eintracht Frankfurt
86.8%
1974/1975Eintracht Frankfurt
86.8%
1980/1981Eintracht Frankfurt
86.8%
1987/1988Eintracht Frankfurt
86.8%
1991/1992Hannoverscher SV 96
70.5%
1978/1979Fortuna Düsseldorf
70.3%
1979/1980Fortuna Düsseldorf
70.3%
1959/1960Borussia Mönchengladbach
66.5%
1972/1973Borussia Mönchengladbach
66.5%
1994/1995Borussia Mönchengladbach
66.3%
1963/1964TSV 1860 München
65.8%
1967/19681. FC Köln
65.6%
1976/19771. FC Köln
65.6%
1977/19781. FC Köln
65.6%
1982/19831. FC Köln
65.6%
1961/19621. FC Nürnberg
64.6%
2006/20071.FC Nürnberg
62.3%
1952/1953Rot-Weiß Essen
60.6%
1958/1959Schwarz-Weiß Essen
59%
1984/1985Bayer 05 Uerdingen
42.2%
1969/1970Kickers Offenbach
34.7%

You're not logged in!

Compare scores with friends on all Sporcle quizzes.
OR
Log In

You Might Also Like...

Show Comments

Extras

Top Quizzes Today


Score Distribution

Your Account Isn't Verified!

In order to create a playlist on Sporcle, you need to verify the email address you used during registration. Go to your Sporcle Settings to finish the process.

Report this User

Report this user for behavior that violates our Community Guidelines.

Details: